|
|
|
|
| LEADER |
00000nam0a2200000 4500 |
| 001 |
263865 |
| 005 |
20231101233759.0 |
| 035 |
|
|
|a (RuTPU)RU\TPU\book\286856
|
| 090 |
|
|
|a 263865
|
| 100 |
|
|
|a 20140611d1968 m y0rusy50 ca
|
| 101 |
0 |
|
|a rus
|
| 102 |
|
|
|a LV
|
| 105 |
|
|
|a a j 001zy
|
| 200 |
1 |
|
|a Руководство к лабораторным работам по химии
|f Л. В. Зарецкая [и др.]
|g Рижское высшее командно-инженерное Краснознаменное училище
|
| 210 |
|
|
|a Рига
|c Изд-во Рижского высшего командно-инженерного чилища
|d 1968
|
| 215 |
|
|
|a 170 с.
|c ил.
|
| 320 |
|
|
|a Библиогр.: с. 169.
|
| 606 |
1 |
|
|a Химия
|2 stltpush
|3 (RuTPU)RU\TPU\subj\17362
|9 43035
|
| 610 |
1 |
|
|a учебные пособия
|
| 610 |
1 |
|
|a руководства
|
| 610 |
1 |
|
|a лабораторные работы
|
| 610 |
1 |
|
|a химические элементы
|
| 610 |
1 |
|
|a химические вещества
|
| 610 |
1 |
|
|a химические реакции
|
| 675 |
|
|
|a 54(076.5)
|v 3
|
| 701 |
|
1 |
|a Зарецкая
|b Л. В.
|
| 701 |
|
1 |
|a Колесова
|b З. И.
|
| 701 |
|
1 |
|a Крымова
|b Л. П.
|
| 701 |
|
1 |
|a Михалева
|b В. Г.
|
| 701 |
|
1 |
|a Москалев
|b С. А.
|
| 701 |
|
1 |
|a Троицкая
|b Н. В.
|
| 712 |
0 |
2 |
|a Рижское высшее командно-инженерное Краснознаменное училище
|c (1962-1977)
|2 stltpush
|3 (RuTPU)RU\TPU\col\14385
|9 25928
|
| 801 |
|
1 |
|a RU
|b 63413507
|c 20140611
|
| 801 |
|
2 |
|a RU
|b 63413507
|c 20140627
|g RCR
|
| 942 |
|
|
|c BK
|